Top 10 gesuchte Politiker und Politikerinnen auf Google 2024 - Statistiken

Allgemein
  • Dieses Quiz wurde 168 mal gespielt
  • Das Durchschnittsergebnis liegt bei 3 aus 10
Antwortstatistiken
Position Politiker/in % Korrekt
3 Donald Trump
98%
1 Kamala Harris
81%
2 Joe Biden
77%
4 Christian Lindner
32%
9 JD Vance
28%
6 Tim Walz
11%
7 Robert F. Kennedy Jr.
8%
8 Jill Stein
5%
10 Ebrahim Raisi
2%
5 Kevin Kühnert
1%
Keine übereinstimmenden Quizze gefunden
Verteilung der Resultate
Anzahl Personen mit jedem Resultat
Perzentil nach korrekt beantworteten Fragen
Ihre Resultats-Entwicklung
Sie haben dieses Quiz noch nicht gespielt